| 000 | 003620000a22001570004500 | ||
|---|---|---|---|
| 005 | 20120302061805.0 | ||
| 942 | _cBOOK | ||
| 100 | _a Farlin,M. | ||
| 245 | _a Key to Dondo's Modern French Course | ||
| 260 | _aLondon:George G. Harrap,1964. | ||
| 300 | _a128p. | ||
| 040 | _aENG | ||
| 650 | _aEducation | ||
| 650 | _aDondo's | ||
| 650 | _aModern French Course | ||
| 999 |
_c354905 _d354902 |
||